Learning Resource and Development

Creative design and innovation : (Record no. 31672)

MARC details
000 -LEADER
fixed length control field 03620cam a2200385 i 4500
001 - CONTROL NUMBER
control field 23319274
003 - CONTROL NUMBER IDENTIFIER
control field CSPC
005 - DATE AND TIME OF LATEST TRANSACTION
control field 20260205142900.0
008 - FIXED-LENGTH DATA ELEMENTS--GENERAL INFORMATION
fixed length control field 230915s2024 enka b 001 0 eng
010 ## - LIBRARY OF CONGRESS CONTROL NUMBER
LC control number 2023038932
020 ## - INTERNATIONAL STANDARD BOOK NUMBER
International Standard Book Number 9781032407081
035 ## - SYSTEM CONTROL NUMBER
System control number 23319274
040 ## - CATALOGING SOURCE
Original cataloging agency DLC
Language of cataloging eng
Description conventions rda
Transcribing agency DLC
Modifying agency CSPC
042 ## - AUTHENTICATION CODE
Authentication code pcc
050 00 - LIBRARY OF CONGRESS CALL NUMBER
Classification number TS171
Item number .R688 2024
082 00 - DEWEY DECIMAL CLASSIFICATION NUMBER
Classification number 658.5752
Item number R812c
Edition number 23/eng/20231107
100 1# - MAIN ENTRY--PERSONAL NAME
Personal name Roy, Robin,
Relator term author.
245 10 - TITLE STATEMENT
Title Creative design and innovation :
Remainder of title how to produce successful products and buildings /
Statement of responsibility, etc. Robin Roy.
264 #1 - PRODUCTION, PUBLICATION, DISTRIBUTION, MANUFACTURE, AND COPYRIGHT NOTICE
Place of production, publication, distribution, manufacture Abingdon, Oxon ;
-- New York, NY :
Name of producer, publisher, distributor, manufacturer Routledge,
Date of production, publication, distribution, manufacture, or copyright notice 2024.
300 ## - PHYSICAL DESCRIPTION
Extent xiii, 207 pages :
Other physical details illustrations (some color) ;
Dimensions 25 cm.
336 ## - CONTENT TYPE
Content type term text
Content type code txt
Source rdacontent
337 ## - MEDIA TYPE
Media type term unmediated
Media type code n
Source rdamedia
338 ## - CARRIER TYPE
Carrier type term volume
Carrier type code nc
Source rdacarrier
504 ## - BIBLIOGRAPHY, ETC. NOTE
Bibliography, etc. note Includes bibliographical references and index.
505 0# - FORMATTED CONTENTS NOTE
Formatted contents note Creativity, design and innovation: introduction and framework -- Creativity and innovation in engineering, design, architecture, arts and media -- Revolutionary innovation: the smartphone -- Radical product and building innovations -- Major product and building innovations -- Innovative products and buildings -- Creative product designs -- Guidelines for successful creative design and innovation.
520 ## - SUMMARY, ETC.
Summary, etc. "Using many real-world examples and cases, this book identifies key factors and processes that have contributed to the creation of successful new products, buildings and innovations, or resulted in some failures. Such factors include the creativity of individuals and groups, their sources of inspiration, the processes of creative design and innovation, and the characteristics of the products, buildings and innovations themselves. Much has been written about creativity and innovation, but what helps to foster creativity, enable creative ideas to be translated into practical designs, and ensure those new products or buildings succeed as innovations on the market or in use? This book discusses these elements through the author's origination and analysis of examples and case studies ranging from the revolutionary innovation of the smartphone, through radical innovations in domestic appliances and sustainable housing, to creative designs of contemporary jewellery. The broad range of examples and cases include product and fashion design, filmmaking and fine art as well as industrial design, engineering and architecture, offering lessons for creatives, designers and innovators from many subject backgrounds. Analysis of the different factors, successes and failures are presented in text boxes throughout the book to allow readers to easily understand the key lessons from each example or case, with numerous colour visuals, diagrams and charts for illustration. This book is a must-read for a broad audience interested in creativity, design and innovation, including practitioners in design, engineering, architecture and product management, and students and instructors of those subjects"--
Assigning source Provided by publisher.
650 #0 - SUBJECT ADDED ENTRY--TOPICAL TERM
Topical term or geographic name entry element Product design.
650 #0 - SUBJECT ADDED ENTRY--TOPICAL TERM
Topical term or geographic name entry element New products.
650 #0 - SUBJECT ADDED ENTRY--TOPICAL TERM
Topical term or geographic name entry element Technological innovations.
776 08 - ADDITIONAL PHYSICAL FORM ENTRY
Relationship information Online version:
Main entry heading Roy, Robin.
Title Creative design and innovation
Place, publisher, and date of publication Abingdon, Oxon : Routledge, 2024
International Standard Book Number 9781003354406
Record control number (DLC) 2023038933
906 ## - LOCAL DATA ELEMENT F, LDF (RLIN)
a 7
b cbc
c orignew
d 1
e ecip
f 20
g y-gencatlg
942 ## - ADDED ENTRY ELEMENTS (KOHA)
Source of classification or shelving scheme Dewey Decimal Classification
Koha item type Books
Classification part 658.5752
Item part R812c
Call number prefix CIR
Call number suffix 2024
Suppress in OPAC No
Edition 23
Holdings
Withdrawn status Lost status Source of classification or shelving scheme Damaged status Not for loan Home library Current library Shelving location Date acquired Total Checkouts Full call number Barcode Date last seen Copy number Price effective from Koha item type
    Dewey Decimal Classification     Main Library Main Library Circulation Section 02/03/2026   CIR 658.5752 R812c 2024 031153 02/03/2026 1-1 02/03/2026 Books